书目信息 |
| 题名: |
公路隧道施工与安全技术研究
|
|
| 作者: | 吴大勇 , 赵战丰 , 王栋 主编 | |
| 分册: | ||
| 出版信息: | 北京 北京工业大学出版社 2021 |
|
| 页数: | 163页 | |
| 开本: | 24cm | |
| 丛书名: | ||
| 单 册: | ||
| 中图分类: | U459.2 | |
| 科图分类: | ||
| 主题词: | 公路隧道--隧道工程--工程施工--安全管理 | |
| 电子资源: | ||
| ISBN: | 978-7-5639-7908-0 | |
| 000 | 00970nam0 2200241 450 | |
| 001 | 2353581117 | |
| 005 | 20231204145309.76 | |
| 010 | @a978-7-5639-7908-0@dCNY60.00 | |
| 100 | @a20221014d2021 em y0chiy50 ea | |
| 101 | 0 | @achi |
| 102 | @aCN@b110000 | |
| 105 | @ay z 000yy | |
| 200 | 1 | @a公路隧道施工与安全技术研究@Agong lu sui dao shi gong yu an quan ji shu yan jiu@f吴大勇,赵战丰,王栋主编 |
| 210 | @a北京@c北京工业大学出版社@d2021 | |
| 215 | @a163页@d24cm | |
| 330 | @a本书主要阐述了隧道的产生和发展、公路隧道的特点、公路隧道的分类及组成、公路隧道的结构构造、公路隧道的施工准备、公路隧道工程的施工、公路隧道施工组织设计、公路隧道施工安全技术等内容。本书内容丰富详实,语言新颖,是一本值得研究的著作。 | |
| 606 | 0 | @a公路隧道@x隧道工程@x工程施工@x安全管理 |
| 690 | @aU459.2@v5 | |
| 701 | 0 | @a吴大勇@Awu da yong@4主编 |
| 701 | 0 | @a赵战丰@Azhao zhan feng@4主编 |
| 701 | 0 | @a王栋@Awang dong@4主编 |
| 801 | 0 | @aCN@b91MARC@c20221017 |
| 905 | @aZUCC@dU459.2@e6 | |
| 公路隧道施工与安全技术研究/吴大勇,赵战丰,王栋主编.-北京:北京工业大学出版社,2021 |
| 163页;24cm |
| ISBN 978-7-5639-7908-0:CNY60.00 |
| 本书主要阐述了隧道的产生和发展、公路隧道的特点、公路隧道的分类及组成、公路隧道的结构构造、公路隧道的施工准备、公路隧道工程的施工、公路隧道施工组织设计、公路隧道施工安全技术等内容。本书内容丰富详实,语言新颖,是一本值得研究的著作。 |
| ● |
| 相关链接 |
|
|
|
正题名:公路隧道施工与安全技术研究
索取号:U459.2/6
 
预约/预借
| 序号 | 登录号 | 条形码 | 馆藏地/架位号 | 状态 | 备注 |
| 1 | 2001261379 | 2001261379 | 辽宁北方(第一批)/辽宁北方(第一批)/191/ [索取号:U459.2/6] | 在馆 | |
| 2 | 2001261380 | 2001261380 | 辽宁北方(第一批)/辽宁北方(第一批)/191/ [索取号:U459.2/6] | 在馆 | |
| 3 | 2001261381 | 2001261381 | 辽宁北方(第一批)/辽宁北方(第一批)/191/ [索取号:U459.2/6] | 在馆 | |
| 4 | 2001261382 | 2001261382 | 辽宁北方(第一批)/辽宁北方(第一批)/191/ [索取号:U459.2/6] | 在馆 | |
| 5 | 2001261383 | 2001261383 | 辽宁北方(第一批)/辽宁北方(第一批)/191/ [索取号:U459.2/6] | 在馆 | |
| 6 | 2001261384 | 2001261384 | 辽宁北方(第一批)/辽宁北方(第一批)/191/ [索取号:U459.2/6] | 在馆 |